Guide to woodcuts, drawings, and engravings of Albrecht Dürer (Record no. 2349)
[ view plain ]
| 000 -CABECERA | |
|---|---|
| campo de control de longitud fija | 00802nam a2200229 a 4500 |
| 001 - NÚMERO DE CONTROL | |
| campo de control | BRCA_2609 |
| 005 - FECHA Y HORA DE LA ÚLTIMA TRANSACCIÓN | |
| campo de control | 20190320203904.0 |
| 008 - DATOS DE LONGITUD FIJA--INFORMACIÓN GENERAL | |
| campo de control de longitud fija | 281108s1928----enka---###---#000-0#eng-# |
| 084 ## - OTRO NÚMERO DE CLASIFICACIÓN | |
| Número de clasificación | NE654.D9 |
| Número de documento/Ítem | .G85 1928 |
| 245 10 - MENCIÓN DE TÍTULO | |
| Título | Guide to woodcuts, drawings, and engravings of Albrecht Dürer |
| Mención de responsabilidad, etc. | British Museum. |
| 260 ## - PUBLICACIÓN, DISTRIBUCIÓN, ETC. | |
| Lugar de publicación, distribución, etc. | London |
| Nombre del editor, distribuidor, etc. | British Museum |
| Fecha de publicación, distribución, etc. | 1928 |
| 300 ## - DESCRIPCIÓN FÍSICA | |
| Extensión | 47 p. |
| Otras características físicas | il. |
| Dimensiones | 25 cm. |
| 500 ## - NOTA GENERAL | |
| Nota general | In the departament of paints and drawings exhibited in comentaration of rhe fourth centenrar of rhe artists death on april 6th 1528 |
| 500 ## - NOTA GENERAL | |
| Nota general | A84 |
| 600 14 - PUNTO DE ACCESO ADICIONAL DE MATERIA--NOMBRE DE PERSONA | |
| Nombre de persona | Durer, Albrecht |
| Fechas asociadas al nombre | 1471-1528 |
| 9 (RLIN) | 48 |
| 650 14 - PUNTO DE ACCESO ADICIONAL DE MATERIA--TÉRMINO DE MATERIA | |
| Término de materia o nombre geográfico como elemento de entrada | Pintores alemanes |
| 9 (RLIN) | 797 |
| 650 14 - PUNTO DE ACCESO ADICIONAL DE MATERIA--TÉRMINO DE MATERIA | |
| Término de materia o nombre geográfico como elemento de entrada | Grabados en madera |
| 9 (RLIN) | 7446 |
| 650 14 - PUNTO DE ACCESO ADICIONAL DE MATERIA--TÉRMINO DE MATERIA | |
| Término de materia o nombre geográfico como elemento de entrada | Grabadores alemanes |
| 9 (RLIN) | 7216 |
| 650 14 - PUNTO DE ACCESO ADICIONAL DE MATERIA--TÉRMINO DE MATERIA | |
| Término de materia o nombre geográfico como elemento de entrada | Galerías y museos |
| Subdivisión geográfica | Inglaterra |
| 9 (RLIN) | 7447 |
| 902 ## - CATALOGADOR | |
| Iniciales | GFM |
| 942 ## - ELEMENTOS DE PUNTO DE ACCESO ADICIONAL (KOHA) | |
| Fuente del sistema de clasificación o colocación | Library of Congress Classification |
| Tipo de ítem Koha | Libros |
| Estado de retiro | Estado de pérdida | Estado dañado | No para préstamo | Localización permanente | Ubicación/localización actual | Fecha de adquisición | Número de inventario | Total de préstamos | Signatura topográfica completa | Código de barras | Fecha visto por última vez | Precio válido a partir de | Tipo de ítem Koha |
|---|---|---|---|---|---|---|---|---|---|---|---|---|---|
| El ejemplar forma parte de la colección y puede ser consultado según las políticas vigentes. | Biblioteca del Museo Franz Mayer (Rogerio Casas-Alatriste) | Biblioteca del Museo Franz Mayer (Rogerio Casas-Alatriste) | 28/11/2008 | A84 | NE654.D9 .G85 1928 (A84) | 2606 | 22/03/2019 | 22/03/2019 | Libros |